| 000 | 01092nam a2200241Ia 4500 | ||
|---|---|---|---|
| 999 |
_c53216 _d53216 |
||
| 001 | 20257 | ||
| 003 | GE_BSU | ||
| 005 | 20200729165121.0 | ||
| 008 | 181216s1991||||ge |||||||||||||| ||geo|| | ||
| 040 | _cGE_BSU | ||
| 041 | _ageo | ||
| 080 | _a811.353.1-26(072) შ-19 | ||
| 100 |
_aშალამბერიძე, გიორგი _98279 |
||
| 245 |
_aილია ჭავჭავაძის თხზულებათა ენაზე დაკვირვება სკოლაში / _cგიორგი შალამბერიძე ; რედ. : ნ. საბაშვილი, ს. მეტრეველი. |
||
| 264 |
_aთბილისი : _bგანათლება, _c1991. |
||
| 300 |
_a119 გვ. ; _c20 სმ |
||
| 541 | _h50თ. | ||
| 653 | _aქართველ მწერალთა ენა | ||
| 653 | _aქართული ენა | ||
| 700 |
_aსაბაშვილი, ნ. _eრედაქტორი _99039 |
||
| 700 |
_aმეტრეველი, ს. _eრედაქტორი _99075 |
||
| 942 |
_cBK _2udc |
||